| 000 | 00653nam a22001817a 4500 | ||
|---|---|---|---|
| 005 | 20250708115533.0 | ||
| 008 | 250708b |||||||| |||| 00| 0 eng d | ||
| 020 | _a978-1-4737-5125-5 | ||
| 050 | _aBF 637 .C6 C67 2017 | ||
| 100 | _aCOREY, GERALD | ||
| 245 | _aTHEORY AND PRACTICE OF COUNSELING AND PSYCHOTHERAPY | ||
| 250 | _a2 | ||
| 260 |
_aAUSTRALIA _bCENGAGE LEARNING _c 2017 |
||
| 300 | _aXX, 485P.:ILL | ||
| 500 | _aINCLUDES BIBLIOGRAPHICAL REFERENCES AND INDEX | ||
| 650 | _a1. GROUP COUNSELING 2. GROUP PSYCHOTHERAPY 3. GROUP COUNSELING--MORAL AND ETHICAL ASPECTS 4. GROUP PSYCHOTHERAPY--MORAL AND ETHICAL ASPECTS | ||
| 942 |
_2lcc _cBK |
||
| 999 |
_c215842 _d215842 |
||